Quiebras. Comentarios al libro IV del Código de Comercio
-д хадгалсан:
| Үндсэн зохиолч: | |
|---|---|
| Формат: | Ном |
| Хэл сонгох: | испани |
| Хэвлэсэн: |
Santiago
Establecimiento Poligráfico Roma
1897
|
| Нөхцлүүд: | |
| Шошгууд: |
Шошго нэмэх
Шошго байхгүй, Энэхүү баримтыг шошголох эхний хүн болох!
|
MARC
| LEADER | 00000nam a2200000 a 4500 | ||
|---|---|---|---|
| 001 | UCR4260 | ||
| 003 | CL-VaPUC | ||
| 008 | 980307e18970000CL |||||||||||||||||spa|d | ||
| 082 | 0 | 4 | |a 346.078 |b VAL |2 21 |
| 100 | 0 | |a Valdés Riesco, Alejandro |e author |9 404066 | |
| 245 | 1 | 0 | |a Quiebras. Comentarios al libro IV del Código de Comercio |
| 300 | |a v | ||
| 942 | |c BK | ||
| 945 | |d 19980307 00:00:00 |a crobeson | ||
| 260 | |a Santiago |b Establecimiento Poligráfico Roma |c 1897 | ||
| 650 | 0 | |a Derecho comercial |9 256340 | |
| 650 | 0 | |a Quiebra |9 255386 | |
| 650 | 0 | |a Derecho y legislación |9 255077 | |
| 650 | 7 | |a FORMACION DE EMPRESAS |2 CL-VaPUC |9 336921 | |
| 650 | 7 | |a LIQUIDACIONES |2 CL-VaPUC |9 389238 | |
| 650 | 0 | |a Derecho comparado |9 255664 | |
| 583 | |a last modification |c 19980307 00:00:00 |k Rodrigo Vera | ||
| 999 | |c 267208 |d 267206 | ||
| 952 | |0 0 |1 0 |4 0 |6 346_078000000000000_VAL_1897 |7 0 |8 X |9 299433 |a BIBDER |b BIBDER |d 2019-11-20 |h v.1 |i 1948644 |o 346.078 VAL 1897 |p 1948644 |r 2023-01-25 |w 2019-11-20 |y BK_X |k DER | ||
| 952 | |0 0 |1 0 |4 0 |6 346_078000000000000_VAL_1897 |7 0 |8 X |9 299434 |a BIBDER |b BIBDER |d 2019-11-20 |h v.1 |i 1948652 |o 346.078 VAL 1897 |p 1948652 |r 2023-01-25 |w 2019-11-20 |y BK_X |k DER | ||